| 000 | 00382nam a2200145Ia 4500 | ||
|---|---|---|---|
| 005 | 20250729165750.0 | ||
| 008 | 250729s2015 xx 000 0 und d | ||
| 041 | _akan | ||
| 082 | _a510 KARM | ||
| 100 |
_aKarnataka Government _9232455 |
||
| 245 | _aGanitha - 10 th Std | ||
| 260 |
_aBangalore _bKarnataka Text Book Socity _c2015 |
||
| 300 | _a400p | ||
| 650 |
_aMathematics _9232456 |
||
| 999 |
_c239791 _d239791 |
||